LEADER 01110nam 2200385 450 001 9910586679103321 005 20221012075054.0 010 $a1-83880-451-X 035 $a(CKB)4950000000721734 035 $a(NjHacI)994950000000721734 035 $a(EXLCZ)994950000000721734 100 $a20221012d2021 uy 0 101 0 $aeng 135 $aur||||||||||| 181 $ctxt$2rdacontent 182 $cc$2rdamedia 183 $acr$2rdacarrier 200 00$aAdvanced aluminium composites and alloys /$fedited by Peng-Yeng Yin 210 1$aLondon, England :$cIntechOpen,$d[2021] 210 4$dİ2021 215 $a1 online resource (284 pages) $cillustrations 311 $a1-83880-450-1 320 $aIncludes bibliographical references. 606 $aAlloys 606 $aComposite materials 615 0$aAlloys. 615 0$aComposite materials. 676 $a669.94 702 $aDobrzan?ski$b Leszek A. 801 0$bNjHacI 801 1$bNjHacl 906 $aBOOK 912 $a9910586679103321 996 $aAdvanced Aluminium Composites and Alloys$92828297 997 $aUNINA